000 00249nam a22001217a 4500
008 260105b ||||| |||| 00| 0 eng d
041 _aeng
080 _a654.1
100 _a24
101 _agaz
245 _aTransmetuesi Publik
942 _2lcc
_cBK
999 _c60748
_d60748